[Event "2nd UzChess Cup Masters"]
[Site "Tashkent UZB"]
[Date "2025.06.26"]
[Round "8.2"]
[White "Aravindh, Chithambaram VR."]
[Black "Rapport, Richard"]
[Result "0-1"]
[Annotator "Tactical Analysis 7.0"]
[WhiteElo "2749"]
[BlackElo "2714"]
[PlyCount "88"]
[GameId "2193677392860536"]
[EventDate "2025.06.19"]

1. e4 c5 2. Nf3 e6 3. d4 cxd4 4. Nxd4 a6 5. Bd3 Bc5 6. Nb3 Ba7 7. Qe2 Nc6 8. Be3 d6 9. N1d2 Nf6 10. O-O Bxe3 $5 {[%mdl 4] Leaves trodden paths.} 11. Qxe3 O-O 12. Rfd1 {B42: Sicilian: Kan Variation: 5 Bd3.} Qc7 13. c4 $146 ({Predecessor:} 13. Nc4 b5 14. Qb6 Qxb6 15. Nxb6 Rb8 16. Nxc8 Rfxc8 17. a4 Nb4 18. axb5 Nxd3 19. Rxd3 axb5 20. Rxd6 Rxc2 {Â½-Â½ Demchenko,A (2654)-Bharath,S (2479) Chess.com Rapid Wk17 Swiss Chess.com INT 2022 (6)}) 13... Nb4 14. Nf3 {The position is equal.} e5 15. a3 Nc6 16. h3 Be6 17. Nbd2 Nh5 18. Bf1 Nf4 19. Rac1 Qe7 20. g3 Ng6 (20... Nxh3+ 21. Kh2 g5 (21... Qd7 22. c5 $16) 22. Bxh3 $14) 21. b4 Rad8 22. Bg2 h6 23. Re1 (23. Nf1 $14 {was preferable.}) 23... Rd7 24. Kh2 (24. Nf1 $14) 24... Qd8 25. Bf1 Nge7 26. b5 axb5 27. cxb5 Na5 28. Nc4 f5 {[#]} 29. Nfd2 (29. Nxa5 $1 $11 {keeps the balance.} Qxa5 30. exf5 Nxf5 31. Qd3) 29... Nxc4 $17 30. Bxc4 Bxc4 31. Rxc4 Kh8 32. Kg2 (32. Qe2 $17) 32... d5 33. exd5 Nxd5 (33... Rxd5 $17 34. Nf3 Ng6) 34. Qe2 {[%mdl 8192]} ({Only move:} 34. Qxe5 $15 f4 (34... Nb6 35. Rh4 $16) 35. Ne4 (35. gxf4 $2 Re7 $19 {[%mdl 64] Skewer, Deflection})) 34... e4 $19 35. Nf1 f4 36. Qxe4 fxg3 37. fxg3 Re7 38. Qb1 {[#]} Ref7 $1 {[%cal Of7f1] White must now prevent ...Rxf1!.} 39. Kg1 (39. Kh1 Rxf1+ 40. Rxf1 Rxf1+ 41. Qxf1 Ne3 $19) 39... Qd7 $2 (39... Qf6 $19 40. h4 Qf2+ 41. Kh1 Qxe1 {[%mdl 64] Remove Defender} 42. Qxe1 Rxf1+ 43. Qxf1 Rxf1+ 44. Kh2 Rf2+ 45. Kh1 Ra2) {Now White is beyond hope.} 40. Qd3 $2 {[%mdl 8192]} ({Wrong is} 40. Rd4 $2 Qxh3 41. Rd2 (41. Rxd5 $2 {gets mated.} Rf2) 41... Nc3 $19) (40. Rg4 $17 {was the crucial defense.}) 40... Rf3 {Black is clearly winning.} ({Less strong is} 40... Qxb5 41. Nd2 $15) 41. Qe2 Qxh3 (41... Rxa3 $2 42. Rg4 $17) 42. Rd4 Rxg3+ 43. Nxg3 Qxg3+ 44. Kh1 {Weighted Error Value: White=0.71/Black=0.18 (very precise)} Rf2 0-1

[Event "2nd UzChess Cup Masters"]
[Site "Tashkent UZB"]
[Date "2025.06.26"]
[Round "8.3"]
[White "Yakubboev, Nodirbek"]
[Black "Sindarov, Javokhir"]
[Result "1/2-1/2"]
[Annotator "Tactical Analysis 7.0"]
[WhiteElo "2659"]
[BlackElo "2710"]
[PlyCount "99"]
[GameId "2193681578620530"]
[EventDate "2025.06.19"]

1. d4 d5 2. c4 e6 3. Nf3 Nf6 4. Nc3 Nbd7 5. Qc2 dxc4 6. e4 {D37: Queen's Gambit Declined: 5 Bf4.} Nb6 7. Be3 Bd7 8. Be2 {White is slightly better.} Bb4 9. O-O (9. Ne5 $14) 9... Bxc3 $1 $11 10. bxc3 Ba4 11. Qb1 Bc6 12. Nd2 {[%cal Of2f3] f3! is in the air} Na4 $1 13. Rc1 $146 (13. Bxc4 Nxc3 14. Qb4 Ncxe4 (14... Nfxe4 15. Nxe4 Nxe4 16. Bb5 $17) 15. Nxe4 Bxe4 $17 (15... Nxe4 16. Bb5 $17)) ({Predecessor:} 13. Qc2 b5 14. Rad1 Qe7 15. Rfe1 O-O 16. f3 h6 17. Qc1 a5 18. Nf1 Rfd8 19. Ng3 {0-1 Ding,L (2791)-Kramnik,V (2753) Legends of Chess Prelim chess24.com INT rapid 2020 (5.2)}) 13... b5 14. Bd1 Nb6 {[%cal Ba4b6,Bb6d7,Bd7e5,Be5d3][%mdl 32] [#]} 15. a4 $1 a6 (15... Nxa4 16. Nxc4 bxc4 17. Bxa4 $14) 16. Bc2 {[%cal Od4d5]} h6 {[#]} (16... Nxa4 17. Bxa4 bxa4 18. f3 $14) 17. d5 $1 exd5 {[%cal Rb6a4]} 18. Bc5 $1 Nbd7 19. Ba3 {A strong pair of Bishops.} Ne5 $1 (19... bxa4 $2 20. exd5 $18) 20. f4 (20. Rd1 $5) 20... Nd3 21. Bxd3 cxd3 {[%cal Bc4d3,Bd3d2][%mdl 32]} 22. e5 Nh5 23. g3 d4 {( -> ...Qd5)} (23... bxa4 $6 24. Qxd3 g6 25. Re1 $16) 24. Qb4 Nxf4 $1 {[%mdl 64] Deflection} 25. gxf4 Qh4 {( -> ...Qg4+)} 26. Nf1 $1 (26. cxd4 $2 Qg4+ 27. Kf2 Qg2+ 28. Ke3 Qe2#) 26... d2 $1 (26... bxa4 $2 27. cxd4 a5 28. Qc5 $18) 27. Rd1 O-O-O (27... bxa4 $2 28. Qc5 (28. cxd4 O-O-O $18) 28... Bf3 29. Rxd2 $18) 28. axb5 axb5 29. cxd4 g5 (29... Qxf4 30. Qxd2 Qf3 31. Bc5 $16 (31. Ng3 $2 Rxd4 32. Qe2 Rxd1+ {[%mdl 64] Deflection} 33. Rxd1 Qxa3 $19)) (29... Qg4+ $1 $11 30. Ng3 h5) 30. Qc3 $16 Bb7 {[#]} 31. Bd6 (31. Nxd2 $2 gxf4 32. Kf1 Rhg8 $19 (32... Qxh2 $2 33. Rac1 $19) (32... b4 33. Bxb4 Qxh2 34. Rdc1 $19)) (31. Be7 $142 $1 Rhg8 32. f5 (32. Rxd2 $2 gxf4+ $19 {[%csl Oe7,Og1][%mdl 64] Discovered Attack (Check)}) (32. Ng3 Rd7 $11) 32... Rxd4 33. Rxd2 Rxd2 34. Qxd2 (34. Nxd2 Qg4+ 35. Kf1 Qxf5+ 36. Ke1 Re8 $11)) 31... Rd7 {[#]} 32. f5 b4 33. Qxb4 (33. Qxd2 $16 {Threatens to win with Bc5.} cxd6 34. exd6 Rxd6 35. d5 Rxd5 (35... Bxd5 $2 36. Qe3 $18) 36. Qc1+ Kb8 37. Rxd5) 33... Qe4 {[%csl Gb7][%cal Re4g2]} 34. d5 (34. Rxd2 Rxd6 (34... cxd6 35. Rc1+ Kb8 36. Qb6 $11) 35. Rc1 (35. exd6 $2 Qh1+ 36. Kf2 Qg2+ 37. Ke1 Re8+ {[%mdl 64] Deflection} 38. Kd1 Qxf1+ 39. Kc2 Qxa1 $19) 35... Rc6 (35... Qh1+ 36. Kf2 $15) 36. Rxc6 (36. Rb1 $2 Rb6 $19) 36... Bxc6 $11) 34... Qxd5 (34... Qxf5 $2 35. Rdb1 Rxd6 36. Qxb7+ (36. exd6 Qxd5 37. d7+ Kb8 $18) 36... Kd7 37. Qb5+ (37. exd6 Kxd6 38. Nxd2 Qd7 $18) (37. Nxd2 Qxe5 38. Qb5+ Kd8 $18) 37... Ke7 38. exd6+ $18) 35. Rxd2 Qh1+ 36. Kf2 cxd6 37. Rc2+ Kb8 $1 (37... Kd8 $6 38. Qb6+ Ke8 39. Ke1 Qe4+ (39... dxe5 40. Ra8+ {[%mdl 64] Skewer}) 40. Re2 $16) 38. Rca2 {Chess con chili.} (38. exd6 $2 {loses.} Qg2+ 39. Ke3 Qxc2 $19) 38... Qg2+ ({Worse is} 38... dxe5 39. Ra8+ Kc7 40. Qa5+ (40. Rxh8 Qc6 $18) (40. Rc1+ Qc6 41. Qa5+ Kd6 42. Rd1+ Qd5 43. Qb6+ Bc6 44. Rxd5+ Kxd5 45. Ne3+ Kd6) 40... Kd6 41. Rd1+ (41. Rxh8 Qg2+ 42. Ke1 Qe4+ 43. Kf2 Qg2+ 44. Ke1 Qe4+ 45. Kf2 Qg2+ $11)) 39. Ke1 {Threatening mate with Ra8+.} Qe4+ 40. Qxe4 Bxe4 41. Ng3 $132 {[%mdl 2048] White is fighting back} Bb7 {...Re8 would now be deadly.} 42. Re2 dxe5 43. Rxe5 Rdd8 44. Re7 {[%cal Oa1b1]} Rhe8 45. f6 Rxe7+ 46. fxe7 Re8 47. Nf5 Be4 48. Ra5 (48. Rd1 $5 Kc7 (48... Bxf5 49. Rd8+ Kc7 50. Rxe8 $14) 49. Rc1+ Kb8 50. Rd1 $11) 48... Bxf5 {[%mdl 64] Remove Defender} 49. Rxf5 Rxe7+ {An interesting game.   Weighted Error Value: White=0.10 (very precise) /Black=0.07 (flawless)} 50. Kf2 1/2-1/2

[Event "2nd UzChess Cup Masters"]
[Site "Tashkent UZB"]
[Date "2025.06.26"]
[Round "8.4"]
[White "Maghsoodloo, Parham"]
[Black "Vokhidov, Shamsiddin"]
[Result "0-1"]
[Annotator "Tactical Analysis 7.0"]
[WhiteElo "2691"]
[BlackElo "2644"]
[PlyCount "60"]
[GameId "2193688809842629"]
[EventDate "2025.06.19"]

1. c4 Nf6 2. Nc3 e5 3. Nf3 Nc6 4. g3 Bb4 5. Nd5 Bc5 6. e3 {A29: English Opening: Four Knights Variation with 4 g3.} O-O 7. a3 $146 (7. d4 exd4 8. exd4 Nxd5 9. dxc5 Re8+ 10. Be2 Nf6 $15) ({Predecessor:} 7. d4 exd4 8. exd4 Re8+ 9. Ne3 Bb4+ 10. Bd2 Ng4 11. Qe2 Bxd2+ 12. Qxd2 Qe7 13. Ke2 d5 {0-1 Kampik,D (1586)-Janecek,M (1789) Jesenik op-B 2023 (2)}) 7... e4 8. Nh4 (8. Ng5 $1 $11) 8... d6 (8... Ne5 $15) 9. b4 $11 Bb6 10. Bb2 Nxd5 11. cxd5 Ne5 12. Qc2 f5 13. Be2 Bd7 (13... a5 $11) 14. O-O (14. a4 $14) 14... Qe7 15. f4 exf3 $1 16. Nxf3 f4 17. gxf4 $1 Rxf4 18. Nxe5 dxe5 19. Kh1 Rh4 20. Rf2 Qd6 {[%cal Oa8f8]} 21. Bc4 (21. Rg1 $11) 21... Rf8 (21... Bh3 $1 $17 {White must now prevent ...Rf8.} 22. Qd3 Rf8 23. Rxf8+ Qxf8 24. d6+ (24. Bxe5 $2 Qf3+ 25. Kg1 Qg2#) 24... Kh8) 22. Raf1 $15 Rf6 23. Rf3 $2 {[%mdl 8192] [#]} ({White should play} 23. a4 $15 Qxb4 24. Rxf6 gxf6 25. Rg1+ Kf8 26. d4) 23... Be8 $2 (23... Rxf3 24. Rxf3 h6 (24... e4 25. Rf2 $16) 25. Rg3 $11) (23... e4 $1 $19 {[%csl Gh4][%cal Rd6h2]} 24. R3f2 Bg4) 24. Qc1 $2 (24. Rf5 $11 Bf7 (24... e4 $2 25. Be5 $18) 25. Rxf6 (25. Bxe5 $2 Rxc4 {[%mdl 64] Remove Defender, Decoy} 26. Qxc4 Bxd5+ 27. R1f3 Bxc4 $19) 25... gxf6 26. e4) 24... Bg6 (24... e4 25. R3f2 Bh5 26. Be2 Rxf2 27. Rxf2 Bxe2 (27... Qxd5 $2 28. Bc4 $18 {[%mdl 64] Pin}) 28. Rxe2 $11) (24... Rxf3 25. Rxf3 Bf7 (25... e4 26. Rf2 $16) 26. Qf1 Rxc4 (26... Bxd5 27. e4 $16 {[%mdl 64] Pin}) 27. Rxf7 (27. Qxc4 Bxd5 {[%csl Oc4,Of3][%mdl 64] Pin, Double Attack} 28. Qg4 Bxf3+ 29. Qxf3 Qxd2 $17) 27... Qxd5+ 28. Rf3 $15) 25. Rg3 $2 (25. Rxf6 gxf6 26. Rg1) 25... Be4+ $19 26. Kg1 {[#]} Rg6 $1 (26... Bxd5 $2 {perishes.} 27. Bxd5+ Kf8 28. Rxf6+ (28. Bxb7 Rxf1+ 29. Qxf1+ Rf4 $18) 28... gxf6 29. Bxb7 $18 (29. Rg8+ Ke7 $18)) 27. Qe1 {[%cal Ob2e5] aiming for Bxe5!.} Rh3 {Black is clearly winning.} 28. Bxe5 ({Inferior is} 28. Qf2 Rgxg3+ (28... Bxd5 29. Bxd5+ Kh8 30. Qf8+ {[%mdl 64] Back Rank} Qxf8 31. Rxf8#) 29. Qxg3 Rxg3+) 28... Qxe5 29. d6+ Bd5 30. Bxd5+ {Weighted Error Value: White=0.63/Black=0.38} Qxd5 0-1

[Event "2nd UzChess Cup Masters"]
[Site "Tashkent UZB"]
[Date "2025.06.26"]
[Round "8.5"]
[White "Nepomniachtchi, Ian"]
[Black "Abdusattorov, Nodirbek"]
[Result "1/2-1/2"]
[Annotator "Tactical Analysis 7.0"]
[WhiteElo "2757"]
[BlackElo "2767"]
[PlyCount "56"]
[GameId "2193692089100517"]
[EventDate "2025.06.19"]

1. e4 e5 2. Nf3 Nc6 3. Bb5 a6 4. Ba4 Nf6 5. O-O Bc5 6. c3 O-O 7. d4 Ba7 8. Re1 {White is more active. C78: Ruy Lopez: Archangelsk and MÃ¶ller Defences.} d6 $1 {The main line 8...d6 scores better than 8...b5.} 9. h3 b5 10. Bc2 {White is slightly better.} Bb7 11. Be3 exd4 12. cxd4 Nb4 {[%cal Ob4c2] [#]} 13. Nbd2 Nxc2 14. Qxc2 Qd7 15. d5 Bxe3 16. Rxe3 Rac8 {[%cal Ba8c8,Bc8c6,Bc6c1][%mdl 32]} 17. Nd4 {Hoping for Rc1.} c6 $1 18. dxc6 Bxc6 19. Nxc6 $146 ({Predecessor:} 19. Qd3 Rfe8 20. Rd1 g6 21. a3 Qd8 22. Nxc6 Rxc6 23. Nf3 Qc7 24. Ree1 Qb7 25. Qd4 {Â½-Â½ Harikrishna,P (2716)-Nihal,S (2652) Bundesliga 2122 Germany 2022 (6.4)}) 19... Rxc6 {The position is equal.} 20. Qd3 Qc7 21. Nf3 Re8 22. Rae1 g6 23. b3 Rc1 24. Qd4 Re6 25. Ng5 Re5 {[%cal Of6d5] [#]} 26. Nf3 Re6 27. Ng5 Re5 {[%cal Of6d5] Threatens to win with ...Nd5!.} 28. Nf3 {Weighted Error Value: White=0.06 (flawless) /Black=0.02 (flawless)} Re6 1/2-1/2

[Event "2nd UzChess Cup Masters"]
[Site "Tashkent UZB"]
[Date "2025.06.27"]
[Round "9.1"]
[White "Abdusattorov, Nodirbek"]
[Black "Praggnanandhaa, R."]
[Result "0-1"]
[Annotator "Tactical Analysis 7.0"]
[WhiteElo "2767"]
[BlackElo "2767"]
[PlyCount "98"]
[GameId "2193694346562166"]
[EventDate "2025.06.19"]

1. e4 c5 2. Nf3 e6 3. d4 cxd4 4. Nxd4 Nc6 5. Nc3 Nf6 6. Bf4 d6 {[#]} 7. Bb5 {B45: Sicilian Four Knights.} Bd7 8. Nxc6 bxc6 9. Ba4 {The position is equal.} e5 $5 $146 {[%mdl 8] New and interesting.} ({Predecessor:} 9... d5 10. a3 Qb6 11. O-O d4 12. Ne2 c5 13. c3 Rd8 14. cxd4 Qa6 15. Bxd7+ Rxd7 16. e5 Nd5 17. Be3 Be7 18. Nc3 {Â½-Â½ Schnaider,I (2369)-Vazquez,F (2411) Santiago 2.5 Santiago de Chile 2025 (9)}) 10. Bg5 h6 11. Bxf6 (11. Bh4 $14) 11... Qxf6 $11 12. Qd3 a5 13. O-O-O Be7 $1 14. Rhf1 (14. f3 $11) 14... O-O 15. g3 Rab8 (15... Ra7 $15 {deserves consideration.}) 16. f4 Rb4 17. Qa6 (17. a3 $11 Rd4 18. Qa6) 17... exf4 {Now White is beyond hope.} 18. gxf4 $2 (18. Qxa5 $15 Rb7 19. Rxf4) 18... Rfb8 $19 19. e5 (19. Bb3 {was necessary.}) 19... Qf5 (19... dxe5 $2 20. Rxd7 Rxf4 21. Rdd1 $18 (21. Rxf4 $2 Qxf4+ 22. Rd2 Bg5 $19)) 20. exd6 Bf6 21. Bb3 Qc5 {Against Qa7} (21... Rxf4 22. Rxf4 Qxf4+ 23. Kb1 $11) 22. Rfe1 {Prevents Qe3+.} (22. Rde1 $142 Bxc3 (22... Qxd6 23. Ne4 $11) 23. bxc3 Qxc3 24. Qd3 Qa1+ 25. Kd2) 22... Bxc3 (22... Rxf4 23. Ne4 Rxe4 24. Rxe4 $11) 23. bxc3 Qxc3 {[#] Strongly threatening ...Qa1+.} (23... Rxf4 24. Rf1 Qa3+ 25. Kd2 Rxf1 (25... Qxd6+ 26. Qd3 $17) 26. Qxf1 Qxd6+ 27. Kc1 Qa3+ 28. Kb1 $17) 24. Qd3 Qa1+ 25. Kd2 Qf6 26. c3 {Against Rd4} Bf5 (26... Rxf4 27. Kc1 $19) (26... Qxf4+ 27. Qe3 Qxe3+ (27... Qxh2+ 28. Re2 $11) (27... Qxd6+ $2 28. Kc1 $18) 28. Kxe3 $15) 27. Qxf5 Rd4+ (27... Qxf5 28. cxb4 a4 (28... Rxb4 $2 29. Kc1 $19) (28... Qxf4+ $2 29. Kc2 $19) 29. Bc4 $19) 28. cxd4 {Threatening mate with Qxf6.} Qxf5 29. Kc3 Qd7 (29... Qxf4 30. d7 Kf8 (30... Qxh2 31. Re8+ Kh7 32. d8=Q $16) 31. Rf1 Rxb3+ (31... Qxh2 $2 32. d8=Q+ Rxd8 33. Rxf7+ Kg8 34. Rf2+ Kh7 35. Rxh2 $18) 32. axb3 $17) 30. Re5 Qxd6 ({Less strong is} 30... a4 31. Bxa4 Qxd6 32. Bb3 $19) 31. Rde1 Kf8 32. Kd3 Rd8 33. R1e4 Qb4 34. f5 a4 35. Bc4 Qb1+ 36. Kc3 Qc1+ 37. Kd3 Qb1+ 38. Kc3 Rb8 39. Re3 Qc1+ 40. Kd3 Qd1+ 41. Kc3 Qa1+ 42. Kd3 Qb1+ 43. Kc3 g6 44. fxg6 Qc1+ (44... fxg6 $2 45. Rf3+ Kg7 46. Rf7+ Kh8 47. Ree7 $19) (44... Qxg6 45. Re7 $11) 45. Kd3 Rb4 46. Re8+ (46. Rc5 $142 Qd1+ (46... fxg6 47. Rf3+ Ke7 48. Rf7+ Kd6 49. Rf6+ Ke7 50. Rf7+ Kd8 51. Rf8+ Ke7 52. Rf7+ $11) 47. Kc3) 46... Kg7 47. Rg8+ Kxg8 48. gxf7+ Kh7 49. f8=Q {Artfully played by Praggnanandhaa.   Weighted Error Value: White=0.62/Black=0.07 (flawless)} Qxc4+ ({Stronger than} 49... Rxc4 50. Qf7+ Kh8 51. Re8#) 0-1

[Event "2nd UzChess Cup Masters"]
[Site "Tashkent UZB"]
[Date "2025.06.27"]
[Round "9.2"]
[White "Vokhidov, Shamsiddin"]
[Black "Nepomniachtchi, Ian"]
[Result "1-0"]
[Annotator "Tactical Analysis 7.0"]
[WhiteElo "2644"]
[BlackElo "2757"]
[PlyCount "75"]
[GameId "2193699820870570"]
[EventDate "2025.06.19"]

1. e4 c5 2. Nf3 e6 3. d4 cxd4 4. Nxd4 Nf6 {[%cal Bg8f6,Bf6d5,Bd5b4,Bb4d3][%mdl 32]} 5. Nc3 Nc6 6. Nxc6 bxc6 7. e5 Nd5 8. Ne4 Qc7 9. f4 $1 Rb8 {B45: Sicilian Four Knights.} 10. Bd3 c5 11. c4 Nb4 {White is slightly better.} 12. O-O Nxd3 $146 ({Predecessor:} 12... Bb7 13. Bb1 Be7 14. f5 Qxe5 15. Bf4 Qxb2 16. Bxb8 Qxa1 17. fxe6 dxe6 18. Nd6+ Bxd6 19. Bxd6 {1-0 Shirov,A (2661)-Bykov,E (2424) Titled Tuesday intern op 09th Apr Early Chess.com INT blitz 2024 (7)}) 13. Qxd3 Bb7 14. Rf2 (14. Bd2 $16) 14... Qc6 (14... Bxe4 $14 15. Qxe4 Be7) 15. Re2 $16 {[%cal Of4f5] White is much more active.} {Black cannot hold the game after this.} d5 (15... Qa6 $16) 16. exd6 $18 {[%cal Of4f5] Threatens to win with f5!.} Rd8 {[%cal Rf8d6]} 17. Bd2 Bxd6 {[#]} 18. Qg3 O-O 19. Bc3 {[%csl Gc3][%cal Rg3g7]} e5 20. fxe5 (20. Bxe5 Bxe5 21. fxe5 Qe6 $14) (20. Nxd6 Rxd6 21. Rxe5 (21. fxe5 Rg6 $11) 21... Rg6 $16) 20... Be7 {[#]} 21. Nd6 $1 {[%mdl 512]} g6 22. Nf5 Qe6 23. Nxe7+ Qxe7 {[#]} 24. e6 $1 {[%mdl 512]} f6 25. Rf1 Bc8 {Black is weak on the dark squares} 26. Qh4 Bxe6 27. Bxf6 (27. Rxf6 Rd1+ 28. Kf2 Rf7 $16) 27... Qf7 28. Ref2 (28. Rxe6 $2 Qxe6 29. Bxd8 Qe3+ $19) 28... Rd7 29. b3 Qe8 30. Qg5 Rdf7 31. Qxc5 Qd7 32. Qg5 Qd3 33. h3 {[%cal Bh2h3,Bh3h4,Bh4h5][%mdl 32]} Bc8 34. h4 Bb7 35. h5 {White is clearly winning.} a5 36. Rf5 Rg7 37. Qh6 Rff7 {An entertaining game by Vokhidov.   Weighted Error Value: White=0.07 (flawless) /Black=0.31} 38. R5f2 ({Not} 38. Rxa5 Bxg2 {[%mdl 64] Decoy} 39. Kxg2 Qe4+ 40. Kh2 (40. Kg1 Rxf6 41. Rxf6 Qe1+ 42. Kg2 Qe4+ 43. Kh2 Qh4+ 44. Kg2 Qe4+ 45. Kf2 Qd4+ 46. Qe3 Qxf6+ 47. Ke2 Qb2+ 48. Qd2 Re7+ 49. Kd3 Rd7+ 50. Rd5 Rxd5+ 51. cxd5 Qe5 $18) 40... Rxf6 {[%mdl 64] Remove Defender, Decoy} 41. Rxf6 Qh4+ 42. Kg2 Qe4+ 43. Kf2 (43. Kf1 Qb1+ 44. Ke2 Qc2+ 45. Kf3 Qd1+ 46. Kg2 Qg4+ 47. Kf2 Qd4+ 48. Qe3 Qxf6+ 49. Ke2 Qb2+ 50. Qd2 Re7+ 51. Kd3 Rd7+ 52. Rd5 Rxd5+ 53. cxd5 Qe5 $18) 43... Qc2+ 44. Kg1 (44. Kf1 Qb1+ 45. Ke2 Qc2+ 46. Kf3 Qd1+ 47. Kf2 Qd4+ 48. Qe3 Qxf6+ 49. Ke2 Qb2+ 50. Qd2 Re7+ 51. Kd3 Rd7+ 52. Rd5 Rxd5+ 53. cxd5 Qe5 $18) 44... gxh5+ 45. Rg5 (45. Kf1 Qd3+ 46. Kf2 Qc2+ 47. Kf1 Qd3+ 48. Kf2 Qc2+ 49. Ke3 Qc3+ 50. Ke4 Rg4+ 51. Kd5 Qxa5+ 52. Kc6 Qa6+ 53. Kc7 Qa7+ 54. Kc6 Qa6+ 55. Kd5 Qc8 $11) 45... Qc1+ 46. Kh2 Qxg5 47. Qxg5 Rxg5 $18) 1-0

[Event "2nd UzChess Cup Masters"]
[Site "Tashkent UZB"]
[Date "2025.06.27"]
[Round "9.3"]
[White "Sindarov, Javokhir"]
[Black "Maghsoodloo, Parham"]
[Result "1/2-1/2"]
[Annotator "Tactical Analysis 7.0"]
[WhiteElo "2710"]
[BlackElo "2691"]
[PlyCount "59"]
[GameId "2193703537765572"]
[EventDate "2025.06.19"]

1. e4 e5 2. Nf3 Nc6 3. Bc4 Bc5 4. c3 Nf6 {[%cal Bg8f6,Bf6d5,Bd5b6][%mdl 32]} 5. d4 exd4 6. cxd4 Bb4+ 7. Nbd2 $1 {[%mdl 4] is now more promising than 7.Bd2.} d5 8. exd5 Nxd5 9. O-O {C54: Giuoco Piano: 4 c3 Nf6, main lines with 5 d4 and 5 d3.} O-O 10. a3 Bxd2 11. Bxd2 {White has an edge.} Nb6 {[%csl LRc4,LRd4] Excellent horsemanship.} 12. Ba2 Be6 13. Bxe6 fxe6 14. Qe2 Nxd4 $146 ({Predecessor:} 14... Qd5 15. Bc3 Rae8 16. Rfe1 Qd6 17. Ng5 h6 18. Ne4 Qd8 19. Nc5 Nd5 20. Qg4 b6 {Â½-Â½ Savitha Shri,B (2329)-Alekseenko,K (2673) Sitges Sunway op-A 11th 2024 (5)}) 15. Nxd4 Qxd4 16. Qxe6+ Rf7 17. Bc3 Qd7 18. Qe4 c6 19. Rad1 Qf5 20. Qxf5 Rxf5 21. Rfe1 Nd5 22. f3 Nxc3 {The position is equal.} 23. bxc3 $11 {[%mdl 4096] Endgame KRR-KRR} Raf8 24. Re7 R5f7 25. Rxf7 Rxf7 26. Rd8+ Rf8 27. Rd7 Rf7 28. Rd8+ Rf8 29. Rd7 Rf7 {A rather calm draw.   Weighted Error Value: White=0.05 (flawless) /Black=0.02 (flawless)} 30. Rd8+ 1/2-1/2

[Event "2nd UzChess Cup Masters"]
[Site "Tashkent UZB"]
[Date "2025.06.27"]
[Round "9.4"]
[White "Rapport, Richard"]
[Black "Yakubboev, Nodirbek"]
[Result "1/2-1/2"]
[Annotator "Tactical Analysis 7.0"]
[WhiteElo "2714"]
[BlackElo "2659"]
[PlyCount "60"]
[GameId "2193705548148194"]
[EventDate "2025.06.19"]

1. e4 e5 2. Nf3 Nc6 3. Bb5 a6 4. Bxc6 dxc6 5. O-O f6 6. d4 exd4 7. Nxd4 c5 8. Nb3 Qxd1 9. Rxd1 Bd7 10. Bf4 O-O-O 11. Nc3 Be6 12. Rxd8+ Kxd8 13. Rd1+ Kc8 14. Nd5 Bxd5 15. Rxd5 b6 16. Rd1 Ne7 {C69: Ruy Lopez: Exchange Variation with 5 0-0 f6.} 17. g3 Nc6 18. Be3 Bd6 {White has an edge.} 19. f4 Re8 $146 ({Predecessor:} 19... Rd8 20. c3 Be7 21. Rxd8+ Nxd8 22. Nd2 Nf7 23. Kf2 Kd7 24. Ke2 Ke6 25. b3 g6 {Â½-Â½ Mary,P (2545)-Kalchev,B (2292) Karastoichev Memorial email ICCF email 2011}) 20. Nd2 c4 21. Nxc4 (21. c3 $14) 21... Bb4 $11 {[#] The position is equal.} 22. e5 fxe5 23. Nxe5 Nxe5 24. fxe5 Rxe5 {[%mdl 4096] Endgame KRB-KRB} 25. Kf2 Bc5 26. Bxc5 Rxc5 27. c3 Rf5+ 28. Ke3 Re5+ 29. Kf3 Rf5+ 30. Ke3 {Weighted Error Value: White=0.04 (flawless) /Black=0.02 (flawless)} Re5+ 1/2-1/2

[Event "2nd UzChess Cup Masters"]
[Site "Tashkent UZB"]
[Date "2025.06.27"]
[Round "9.5"]
[White "Erigaisi, Arjun"]
[Black "Aravindh, Chithambaram VR."]
[Result "1/2-1/2"]
[Annotator "Tactical Analysis 7.0"]
[WhiteElo "2782"]
[BlackElo "2749"]
[PlyCount "84"]
[GameId "2193707083808493"]
[EventDate "2025.06.19"]

1. e4 e5 2. Nf3 Nc6 3. d4 exd4 4. Nxd4 Nf6 5. Nxc6 bxc6 6. Qe2 {C45: Scotch Game.} d5 {6...d6 is the recent fashion.} 7. exd5+ Be7 $1 8. dxc6 O-O $1 {[#]} 9. Nc3 Bb4 10. Qd3 {Qxd8 poses a challenge} Qe7+ 11. Be2 Re8 12. Be3 {[#]} Rd8 $146 ({Predecessor:} 12... Bg4 13. O-O Bxc3 14. bxc3 Rad8 15. Qc4 Bxe2 16. Qxe2 Nd5 17. Rfe1 Nxe3 18. Qxe3 Qxe3 19. Rxe3 Rxe3 20. fxe3 Rd6 21. Rb1 g6 22. Rb3 Rxc6 23. Kf2 Kg7 {Â½-Â½ Sibajeva,M (1941)-Malicka,M (2047) EU-ch U16 Girls 28th Riga 2018 (3)}) 13. Qc4 (13. Bd4 {keeps more tension.} Bg4 14. f3 Nd5 15. Kf1) 13... Nd5 $1 {[%cal Oc8e6,Bf6d5,Bd5c3,Bc3e2][%mdl 32]} (13... Be6 $6 14. Qh4 $16) 14. O-O $1 Bxc3 15. Bc5 (15. bxc3 Nxe3 16. fxe3 Qxe3+ 17. Kh1 Be6 $17) 15... Qg5 {[%cal Od5f4] And now ...Nf4! would win.} 16. h4 Qe5 17. bxc3 Nxc3 18. Bf3 {A strong pair of Bishops.} Be6 $1 19. Qb4 $36 {[%mdl 2048] White has some pressure.} a5 20. Qa3 Ne2+ 21. Kh1 Nd4 22. Rfe1 Qf5 23. Bxd4 Rxd4 24. Qe7 h6 ({Much worse is} 24... Qxc2 $6 25. Kg1 $16) 25. Qxc7 (25. Rad1 $14 Qf4 26. Kg1) 25... Rxh4+ (25... Bd5 $1 $11 {keeps the balance.} 26. Bxd5 Rxd5) 26. Kg1 $16 Rc8 27. Qe5 Qxe5 28. Rxe5 Ra4 29. a3 (29. c4 $18) 29... Kf8 30. Rb5 (30. Rb1 $16) 30... g5 31. g3 Ke7 32. Rb7+ Kf6 33. Ra7 (33. Rb5 $1 $14) 33... h5 $11 {The position is equal.} 34. c3 {[%cal Of3e2]} Rc4 35. Rxa5 Rxc3 36. Bxh5 g4 37. Re1 {and Re4 would now be decisive} R8xc6 38. Re4 R6c4 39. Rxc4 Rxc4 40. f3 Rc3 41. fxg4 Bxg4 42. Bxg4 {White really could win this. An exciting game.   Weighted Error Value: White=0.09 (flawless) /Black=0.07 (flawless)} Rxg3+ 1/2-1/2